1341 1344 1852 1749 1061 1983 1947 1317 1069 1645 1278 1105 1317 1786 1299 1927 1589 1871 1538 1954 1634 1146 1537 1338 1526 1925 1390 1700 1180 1451 1653 1119 1648 1682 1609 1786 1573 1823 1396 1716 1145 1727 1672 1242 1914 1331 1071 1807 1441 1905 1124 1293 1622 1807 1277 1940 1163 1958 1094 1687 1895 1573 1469 1684 1869 1960 1279 1691 1368 1920 1021 1067 1526 1019 1225 1628 1725 1085 1581 1103 1358 1444 1315 1539 1633 1328 1318 1839 1421 1465 1566 1767 1294 1483 1621 1324 1649 1618 1903 BCNSPRNW ULIB Ver.6.0+V

เปลี่ยนเป็นภาษาไทย

Change to English
 แสดงรายละเอียดบรรณานุกรม
  กลับหน้าหลัก

Brief Record : Get Marc (ISO 2709) : E-mail record : QR code < ปิดหน้าต่าง
LEADER : 00000nam 2200000uu 4500
001    13399125937
003     ULIB
008    171120s2553||||th 000 0 tha d
020    ^a9786165380539
050  4 ^aLB1027^bอ631ห
100 0  ^aอาภรณ์ ใจเที่ยง
245 10 ^aหลักการสอน (ฉบับปรับปรุง) /^cอาภรณ์ ใจเที่ยง
250    ^aพิมพ์ครั้งที่ 5
260    ^aกรุงเทพฯ :^bโอเดียนสโตร์,^c2553
300    ^a267 หน้า :^bภาพประกอบ
504    ^aบรรณานุกรม : หน้า 261-267
650  4 ^aการสอน^vเทคนิค
945    ^p170^l0^i25688
999    ^aกัณชพร จุลอักษร
รายการนี้ยังไม่มีแท็ก
คุณยังไม่ได้ล็อกอิน คุณสามารถมีกิจกรรมร่วมกับเว็บไซต์ได้ แต่ต้องล็อกอินก่อน ::
  ล็อกอิน

รายการสื่อสารสนเทศ

ลำดับที่ ประเภท เลขเรียก/บาร์โค้ด สถานที่ สถานะ
1. วิทยาศาสตร์การแพทย์ และสุขภาพ
วิทยาศาสตร์การแพทย์ และสุขภาพ
LB1027 อ631ห ฉ.1 
  Barcode: 25688
ห้องสมุดวิทยาเขตนครสวรรค์
►หนังสือทั่วไป:l:General Books
บนชั้น

รายการใกล้เคียง
    ผู้แต่ง [อาภรณ์ ใจเที่ยง]

BibComment


ยังไม่เคยถูกคอมเมนท์

คอมเมนท์ทรัพยากรรายการนี้
  คอมเมนท์: หลักการสอน ฉบับป..


 Copyright 2026. Bcnsprnw @Library